| 000 | 00000nam 2200000za 4500 |
| 001 | 9.633335 |
| 003 | CaOODSP |
| 005 | 20210624215258 |
| 007 | cr ||||||||||| |
| 008 | 150407|2006||||xxc|||||o f|0| 0 fre d |
| 020 | |a0-662-72725-8 |
| 040 | |aCaOODSP|bfre |
| 043 | |an-cn--- |
| 086 | 1 |aH164-37/2006F-PDF |
| 110 | 1 |aCanada. |bDirection générale des produits de santé et des aliments. |
| 245 | 10|aSignalement des effets secondaires causés par vos médicaments : |h[ressource électronique]|bce que vous devez savoir / |c[développé par] Direction des produits de santé commercialisés. |
| 246 | 17|aSignalement des effects secondaires : ce que vous devez savoir |
| 260 | |aOttawa - Ontario : |bSanté Canada. |c2006. |
| 300 | |a35p.|bill., photographies |
| 520 | 3 |aLe présent guide aborde les aspects suivants : les médicaments qui devraient faire l’objet d’un signalement; les types d’effets secondaires dont il faut prendre note et procéder au signalement; comment reconnaître les symptômes d’un effet secondaire et les surveiller; qui informer lorsqu’on croit qu’un médicament cause un effet secondaire; comment remplir le formulaire de déclaration des effets secondaires de Santé Canada; comment sont traitées les déclarations d’effets secondaires. |
| 590 | |a07-20|b2007-05-18 |
| 691 | 07|aEffet secondaire|2gcpds |
| 691 | 07|aMédicament|2gcpds |
| 775 | 08|tReporting side effects from your medicine : |w(CaOODSP)9.688915 |
| 776 | 0#|tSignalement des effets secondaires causés par vos médicaments : |w(CaOODSP)9.683476 |
| 794 | |tSignalement des effets secondaires causés par vos médicaments : |w(CaOODSP)9.635868 |
| 856 | 40|ahttp://publications.gc.ca|qPDF|s911 Ko|uhttps://publications.gc.ca/collections/collection_2007/hc-sc/H164-37-2006F.pdf |